| 000 | 00612nam a22001937a 4500 | ||
|---|---|---|---|
| 999 |
_c15345 _d15345 |
||
| 003 | AR-CdUCM | ||
| 008 | 190426b ||||| |||| 00| 0 spa d | ||
| 040 |
_aMUNICIPALIDAD PROVINCIAL DEL CUSCO _cBIBLIOTECA MUNICIPAL DEL CUSCO |
||
| 082 |
_aPI / 372.64 / _bAM54 |
||
| 245 | _aMi amiga la gallina / | ||
| 260 |
_aPuno : _bToribio Anyarin Injante |
||
| 300 |
_a8 páginas ; _bilustraciones, _c28 cm. |
||
| 650 |
_aCuentos infantiles _93927 |
||
| 650 |
_aAprendizaje _92143 |
||
| 650 |
_aLiteratura _983 |
||
| 710 |
_aEditorial Toribio Anyarin Injante. _934389 |
||
| 942 |
_2ddc _cLIBROS |
||
| 945 |
_aachl _d2019-04-26 |
||